000 01382cam a2200145 4500
001 ABS60802
008 000000n1999 000 0 eng u
035 _a(Sirsi) u101297
245 _aBarrett and others v Morgan.
260 _c1999
490 _aWeekly Law Reports
_v(1999) WLR 1109-1123(15)
520 _aCA 29/30 June 1998. The owner of an agricultural holding granted himself and his two sons an annual tenancy terminable by 12 months' notice on either side. When the owner died, the freehold reversion was vested in his executors, the first and second plaintiffs (B), and the annual tenancy in his two sons. The land was sublet to the defendant (M), however B and the tenants then decided to sell the land. To obtain vacant possession from the sub-tenant, they decided that B would serve notices to quit on the tenants, who would not then serve counter-notices, in order to determine both the tenancy and the sub-tenancy without invoking the protection offered by the Agricultural Holdings Act 1986 s26(1). B then sought an order for possession against M, however the judge refused to make the order because the agreement was collusive. B appealed. "Held" appeal dismissed. A notice to quit served as part of an agreement between the landlord and tenant was indistinguishable from a surrender.
690 _aLANDLORD AND TENANT-CASE LAW-AGRICULTURAL TENANCIES
942 _n0
999 _c60448
_d60448